| 000 | 00786nam a2200229 i 4500 | ||
|---|---|---|---|
| 001 | 134858 | ||
| 003 | ES-MaACL | ||
| 005 | 20230906194746.0 | ||
| 007 | t| | ||
| 008 | 070629s1980 sp ||||1| spa d | ||
| 245 | 0 | 0 |
_aTiempo y arte del 98 español : _b[exposición organizada por el Banco de Bilbao en Londres, junio de 1980]. |
| 260 |
_aMadrid : _bBanco de Bilbao, _c[1980] |
||
| 300 |
_a75 p., 17 lám. : _bil. col. y n. ; _c26 cm. |
||
| 650 | 4 |
_aPintura española- _yS.XIX- _vExposiciones. _916040 |
|
| 650 | 4 |
_aPintura española- _yS.XX- _vExposiciones. _916043 |
|
| 655 | 7 |
_2tgfbne _9193628 _aCatálogos de exposiciones |
|
| 710 | 2 |
_aBanco de Bilbao. _92097 |
|
| 852 | 4 |
_aES-MaACL _jL-884 |
|
| 852 | 4 |
_aES-MaACL _jL-879 |
|
| 942 | _2udc | ||
| 999 |
_c134858 _d134858 |
||